Vacation study abroad.

Bibliographic Details
New Title:Short-term study abroad
Previous Title:Learning traveler. Vacation study abroad
Uniform Title:Vacation study abroad (New York, N.Y.)
Corporate Author: Institute of International Education (New York, N.Y.)
Format: Serial
Language:English
Published: New York, N.Y. : Institute of International Education, ©1987-©2000.
Subjects:
Online Availability: Check for online availability

MARC

Tag First Indicator Second Indicator Subfields
LEADER 00000cas a2200000 a 4500
001 in00000019416
005 20151007053616.0
008 880316d19882001nyuar r 0 a0eng d
010 |a  91662028   |z  sn 89029343 
022 |a 1046-2104  |9 0271-1702 
035 |a (OCoLC)17634895 
035 |9 AAB2225AM 
040 |a GZQ  |c GZQ  |d OCL  |d IUL  |d HUL  |d NSD  |d EYM  |d NST  |d HUL  |d DLC  |d TXA  |d UtOrBLW 
042 |a lc  |a nsdp 
049 |a TXAE 
050 4 |a LB2375  |b .S8 
130 0 |a Vacation study abroad (New York, N.Y.) 
210 0 |a Vacat. study abroad  |b (N. Y. N. Y.) 
222 0 |a Vacation study abroad  |b (New York, N.Y.) 
245 1 0 |a Vacation study abroad. 
264 1 |a New York, N.Y. :  |b Institute of International Education,  |c ©1987-©2000. 
300 |a 13 volumes ;  |c 23 cm. 
310 |a Annual 
336 |a text  |b txt  |2 rdacontent 
337 |a unmediated  |b n  |2 rdamedia 
338 |a volume  |b nc  |2 rdacarrier 
362 0 |a 38th ed. (1988)-50th anniversary ed. (2000/2001). 
650 0 |a Foreign study  |v Directories. 
650 0 |a Summer schools  |v Directories. 
710 2 |a Institute of International Education (New York, N.Y.) 
780 0 0 |t Learning traveler. Vacation study abroad  |w (OCoLC)6558504 
785 0 0 |t Short-term study abroad  |w (DLC) 2001260216  |w (OCoLC)47082457 
949 |a updated  |b h  |c 2001/7/27  |e coplinge  |f 11:16:14 am 
999 |a MARS 
999 f f |s 0babe458-bb7a-303c-b21e-1c4c9ab9fa7a  |i d9b5d1e8-96a7-3598-9993-bce7441bc5eb  |t 0 
952 f f |p ric  |a Texas A&M University  |b Rellis Campus  |c Joint Library Facility  |d Remote Storage  |t 0  |e LB2375 .S8  |h Library of Congress classification  |i unmediated -- volume  |k 40th ed.  |l 1990  |m A14812295723 
952 f f |p ric  |a Texas A&M University  |b Rellis Campus  |c Joint Library Facility  |d Remote Storage  |t 0  |e LB2375 .S8  |h Library of Congress classification  |i unmediated -- volume  |k 44th ed.  |l 1994/1995  |m A14818040354 
952 f f |p ric  |a Texas A&M University  |b Rellis Campus  |c Joint Library Facility  |d Remote Storage  |t 0  |e LB2375 .S8  |h Library of Congress classification  |i unmediated -- volume  |k 38th ed.  |l 1988  |m A14811319891 
952 f f |p ric  |a Texas A&M University  |b Rellis Campus  |c Joint Library Facility  |d Remote Storage  |t 0  |e LB2375 .S8  |h Library of Congress classification  |i unmediated -- volume  |k 42nd ed.  |l 1992  |m A14815963260 
952 f f |p ric  |a Texas A&M University  |b Rellis Campus  |c Joint Library Facility  |d Remote Storage  |t 0  |e LB2375 .S8  |h Library of Congress classification  |i unmediated -- volume  |k 49th ed.  |l 1999/2000  |m A14824048792 
952 f f |p ric  |a Texas A&M University  |b Rellis Campus  |c Joint Library Facility  |d Remote Storage  |t 0  |e LB2375 .S8  |h Library of Congress classification  |i unmediated -- volume  |k 48th ed.  |l 1998/1999  |m A14823846260 
952 f f |p ric  |a Texas A&M University  |b Rellis Campus  |c Joint Library Facility  |d Remote Storage  |t 0  |e LB2375 .S8  |h Library of Congress classification  |i unmediated -- volume  |k 47th ed.  |l 1997/1998  |m A14821192982 
952 f f |p ric  |a Texas A&M University  |b Rellis Campus  |c Joint Library Facility  |d Remote Storage  |t 0  |e LB2375 .S8  |h Library of Congress classification  |i unmediated -- volume  |k 50th ed.  |l 2000/2001  |m A14826051636 
952 f f |p ric  |a Texas A&M University  |b Rellis Campus  |c Joint Library Facility  |d Remote Storage  |t 0  |e LB2375 .S8  |h Library of Congress classification  |i unmediated -- volume  |k 39th ed.  |l 1989  |m A14811290568 
952 f f |p ric  |a Texas A&M University  |b Rellis Campus  |c Joint Library Facility  |d Remote Storage  |t 0  |e LB2375 .S8  |h Library of Congress classification  |i unmediated -- volume  |k 46th ed.  |l 1996/1997  |m A14819812453 
952 f f |p ric  |a Texas A&M University  |b Rellis Campus  |c Joint Library Facility  |d Remote Storage  |t 0  |e LB2375 .S8  |h Library of Congress classification  |i unmediated -- volume  |k 45th ed.  |l 1995/1996  |m A14819019178 
952 f f |p ric  |a Texas A&M University  |b Rellis Campus  |c Joint Library Facility  |d Remote Storage  |t 0  |e LB2375 .S8  |h Library of Congress classification  |i unmediated -- volume  |k 41st ed.  |l 1991  |m A14814718947 
952 f f |p ric  |a Texas A&M University  |b Rellis Campus  |c Joint Library Facility  |d Remote Storage  |t 0  |e LB2375 .S8  |h Library of Congress classification  |i unmediated -- volume  |k 43rd ed.  |l 1993/1994  |m A14817353835 
998 f f |a LB2375 .S8  |s 43rd-50th ed. (1993/1994-2000/2001)  |t 0  |l Remote Storage